000 00342nam a2200145Ia 4500
999 _c36496
_d36496
003 OSt
005 20200916121624.0
008 190216s9999||||xx |||||||||||||| ||und||
040 _coclc
100 _aAgrawal Op & Deepak Agrawal
245 0 _aObjective Chemistry
260 _bJaiprakashnath&Co:
_c1999
300 _a1120p
942 _cBK
_2ddc